MONTERO - Lil Nas X - Statistics

General Stats
  • This quiz has been taken 7 times
  • The average score is 6 of 15
Answer Stats
Song Plays Artists % Correct
MONTERO (Call Me By Your Name) 2,106,008,083 Lil Nas X
100%
INDUSTRY BABY 2,230,218,636 Lil Nas X, Jack Harlow
83%
AM I DREAMING 66,934,633 Lil Nas X, Miley Cyrus
33%
DOLLA SIGN SLIME 73,828,625 Lil Nas X, Megan Thee Stallion
33%
LIFE AFTER SALEM 27,929,457 Lil Nas X
33%
LOST IN THE CITADEL 47,320,633 Lil Nas X
33%
ONE OF ME 44,107,551 Lil Nas X, Elton John
33%
SCOOP 142,332,308 Lil Nas X, Doja Cat
33%
SUN GOES DOWN 183,619,112 Lil Nas X
33%
TALES OF DOMINICA 86,309,053 Lil Nas X
33%
THATS WHAT I WANT 1,177,754,057 Lil Nas X
33%
THE ART OF REALIZATION 54,260 Lil Nas X
33%
VOID 31,704,790 Lil Nas X
33%
DEAD RIGHT NOW 60,583,298 Lil Nas X
17%
DONT WANT IT 67,243,585 Lil Nas X
17%
No matching quizzes found
Score Distribution
Percent of People with Each Score
Percentile by Number Answered
Your Score History
You have not taken this quiz